| 000 | 00608nam a2200193Ia 4500 | ||
|---|---|---|---|
| 003 | GCL | ||
| 008 | 140319s9999 xx 000 0 ara d | ||
| 040 |
_aGCL / _cGCL |
||
| 082 | 0 | 4 |
_a398.2 _bح ا |
| 100 | 1 | _aحمزة البهلوان | |
| 245 | 1 | 0 |
_aالامير حمزة البهلون / _cحمزة البهلوان |
| 260 |
_a[S.N] : _bدار الكتب العلمية للنشر والتوزيع ، _c1985 |
||
| 300 | _a281 ص | ||
| 490 |
_aلسانيات _v0 |
||
| 650 | 0 | 4 | _aالادب العربى |
| 650 | 0 | 4 | _aالقصص العربية |
| 650 | 0 | 4 | _aحمزة البهلوان |
| 942 |
_2ddc _cBK |
||
| 999 |
_c54333 _d54333 |
||